"Psie" kúsky McLarenu Majstrovstvá sveta formuly 1 2006 9. preteky - Veľká cena Kanady

Bibliographic Details
Format: Article
Language:Slovak
PhysicalDescription:Fotogr.
ISSN:0139-7001
Subjects:

MARC

LEADER 00000nab a2200000 ar4500
001 vtls008828895
003 SK-MaSNL
005 20260303062839.0
008 060706c20060627xo wr|p|||||||000 b|slo
015 |a SNBRBL2006/07  |2 snkbucl 
038 |a SNKBUCL 
040 |a SNKBUCL  |b slo  |c SNKBUCL  |e AACR2 
041 0 |a slo 
044 |a xo  |c SK 
080 |a 796.71.093.1  |2 UDC-MRF-SK2 
245 0 0 |a "Psie" kúsky McLarenu  |b Majstrovstvá sveta formuly 1 2006 9. preteky - Veľká cena Kanady 
300 |b Fotogr. 
611 2 7 |a Majstrovstvá sveta formuly 1  |d (2006 :  |c Kanada)  |2 snkbucl  |9 1057257 
611 2 7 |a Veľká cena Kanady monopostov F1  |d (2006)  |2 snkbucl  |9 1057258 
650 0 7 |a automobilizmus  |2 snkbucl  |9 13242 
650 0 7 |a automobily F1  |2 snkbucl  |9 872140 
773 0 |t Šport  |g Roč. 60, č. 147 (27.6.2006), s. 31  |x 0139-7001 
852 |a SNK  |b KIS3GCP 
999 |c 1740813  |d 1742743